Missing Word: Geography Songs Quiz Stats

 Plays Quiz Updated Dec 7, 2017

Challenge
Share
Tweet
Embed
Score 0/20 Timer 03:00
0 Plays Today
Song Word % Correct
Cry Me a _____River
96.4%
Ain’t No _____ High EnoughMountain
96.2%
(Sittin’ On) The Dock of the _____Bay
90.3%
What a Wonderful _____ World
89.8%
Beverly _____Hills
87.3%
The White _____ of DoverCliffs
78.8%
Swan _____ SuiteLake
76.6%
Up on Cripple _____Creek
65.1%
Brighton _____Beach
62.3%
_____ SprayOcean
61.4%
Song Word % Correct
Born on the _____Bayou
55.5%
Pleasant _____ SundayValley
55%
Speed of _____Sound
53%
_____ of LoveSea
49.8%
Midnight at the _____Oasis
48.8%
_____ in the SunIsland
31.1%
_____ BoogieJungle
29.9%
_____ RoseDesert
28.6%
_____ You ByPass
27.5%
On a _____Plain
20.3%

Today's Daily Dose

Missing Word
Hayao Miyazaki

Word Ladder
Florida

On This Day
December 13th II

You're not logged in!

Compare scores with friends on all Sporcle quizzes.
OR
Log In

You Might Also Like...

Show Comments

Extras

Top Quizzes Today


Score Distribution

Your Account Isn't Verified!

In order to create a playlist on Sporcle, you need to verify the email address you used during registration. Go to your Sporcle Settings to finish the process.

Report this User

Report this user for behavior that violates our Community Guidelines.

Details: